| 000 | 01086nam a2200265 i 4500 | ||
|---|---|---|---|
| 003 | EG-ScBUE | ||
| 005 | 20240221131255.0 | ||
| 008 | 090826s1991 ua ao f 000 0 ara d | ||
| 017 | _a1991 / 5545 | ||
| 020 | _a9771300318 | ||
| 040 |
_aEG-ScBUE _bara _erda _cEG-ScBUE _dEG-ScBUE |
||
| 043 |
_aa-iq--- _aa-ku--- |
||
| 082 | 0 | 4 |
_222 _a956.70442 _bع ث م |
| 100 | 1 |
_98641 _aعثمان، ناصر محمد، _d1939- _eمؤلف. |
|
| 245 | 1 | 0 |
_aفي مواجهة الطاغية / _cناصر محمد العثمان. |
| 264 | 1 |
_aالقاهرة : _bمطابع الأهرام التجارية، _c[1991] |
|
| 300 |
_a446 صفحة : _bإيضاحيات، صور ؛ _c24 سم |
||
| 336 |
_2rdacontent _aنص _btxt |
||
| 337 |
_aبدون وسيط _2rdamedia _bn |
||
| 338 |
_aمجلد _bnc _2rdacarrier |
||
| 651 | 7 |
_2BUEsh _aالعراق _xتاريخ _yالعصر الحديث _yاحتلال الكويت (1990-1991). |
|
| 651 | 7 |
_2BUEsh _aالكويت _xتاريخ _yالعصر الحديث _yالاحتلال العراقي (1990-1991). |
|
| 655 | _vReading book | ||
| 942 |
_2ddc _cBB |
||
| 999 |
_c12701 _d12701 |
||